[Event "Reykjavik Open 2016"]
[Site "Reykjavik ISL"]
[Date "2016.03.08"]
[Round "1.24"]
[White "Bergsson, Stefan"]
[Black "Di Berardino, Diego Rafael"]
[Result "0-1"]
[BlackTitle "IM"]
[WhiteElo "1974"]
[BlackElo "2511"]
[WhiteFideId "2301393"]
[BlackFideId "2105446"]
[EventDate "2016.03.08"]

1. c4 c5 2. Nc3 Nf6 3. Nf3 b6 4. g3 Bb7 5. Bg2 e6 6. O-O Be7 7. d4 cxd4 8. Qxd4
d6 9. b3 O-O 10. Bb2 Nbd7 11. Rad1 a6 12. e4 Qc7 13. Rfe1 Rfe8 14. Ba3 Nc5 15.
e5 dxe5 16. Qxe5 Qc8 17. Qe2 Rb8 18. Ne5 Bxg2 19. Kxg2 Na4 20. bxa4 Bxa3 21. Rd3
Bb4 22. Red1 Qc7 23. Kh3 Rbc8 24. f4 Qb7 25. Nb1 Qe4 26. Qb2 Bc5 27. Nc3 Qf5+
28. Kg2 h5 29. Qe2 Bb4 30. Qf3 Ng4 31. Nxg4 hxg4 32. Qb7 Rxc4 33. Qd7 Rec8 34.
Qb7 0-1

[Event "Reykjavik Open 2016"]
[Site "Reykjavik ISL"]
[Date "2016.03.08"]
[Round "1.25"]
[White "Ly, Moulthun"]
[Black "Hansen, Lars-Henrik Bech"]
[Result "1-0"]
[WhiteTitle "IM"]
[WhiteElo "2500"]
[BlackElo "1970"]
[WhiteFideId "3204405"]
[BlackFideId "1402021"]
[EventDate "2016.03.08"]

1. Nf3 Nf6 2. g3 g6 3. Bg2 Bg7 4. c4 O-O 5. d4 d6 6. O-O c6 7. Nc3 Qa5 8. h3 Be6
9. Nd2 Qb6 10. e3 d5 11. cxd5 Nxd5 12. Na4 Qd8 13. Nb3 Na6 14. Nac5 Nxc5 15.
Nxc5 Bc8 16. Nd3 h5 17. h4 Nb6 18. b3 Bg4 19. Qc2 Re8 20. Bb2 Qd6 21. a4 Rad8
22. Nc5 Qb8 23. a5 Nd5 24. a6 b6 25. Nd3 Rc8 26. Rfc1 Bh6 27. Re1 Bg7 28. e4 Nc7
29. Nb4 Bd7 30. Qd2 Ne6 31. d5 cxd5 32. exd5 Nc5 33. Bxg7 Kxg7 34. Qb2+ Kg8 35.
Re3 e6 36. Nc6 Rc7 37. Nxb8 1-0

[Event "Reykjavik Open 2016"]
[Site "Reykjavik ISL"]
[Date "2016.03.08"]
[Round "1.26"]
[White "Bak, Christopher"]
[Black "Danielsen, Henrik"]
[Result "0-1"]
[BlackTitle "GM"]
[WhiteElo "1969"]
[BlackElo "2488"]
[WhiteFideId "439517"]
[BlackFideId "1400185"]
[EventDate "2016.03.08"]

1. e4 g6 2. Nc3 c5 3. f4 Bg7 4. Nf3 Nc6 5. Bb5 Nd4 6. O-O a6 7. Bd3 d6 8. Nxd4
cxd4 9. Ne2 Nf6 10. Qe1 O-O 11. c3 dxc3 12. bxc3 Qa5 13. Bc2 Bd7 14. d4 Ba4 15.
Bb1 Rac8 16. Bd2 Qb5 17. Rf3 Qb2 18. Bd3 Bc2 19. Bxc2 Qxc2 20. Ng3 e6 21. Rf2 d5
22. e5 Ng4 23. Re2 Rc6 24. Qb1 Qxb1+ 25. Rxb1 b5 26. Nf1 f5 27. exf6 Nxf6 28.
Rb3 Ne4 29. g4 Nxd2 30. Nxd2 Rxf4 31. h3 Rf8 32. Kg2 Rfc8 33. Nf3 Bf6 34. Ra3 h6
35. Re3 Kf7 36. Kf2 Rb6 37. Ke2 Rc4 38. Nd2 Rc8 39. Rf3 Kg7 40. Re3 Bg5 41. Rf3
b4 42. Rb3 a5 43. a3 Bxd2 44. Kxd2 bxc3+ 45. Rbxc3 Rbc6 46. Rb3 Rc2+ 47. Kd3 a4
48. Rb7+ Kg8 49. Ke3 g5 50. Rff7 R8c3# 0-1

[Event "Reykjavik Open 2016"]
[Site "Reykjavik ISL"]
[Date "2016.03.08"]
[Round "1.27"]
[White "Andersen, Mads"]
[Black "Weyer, Hans-Juergen"]
[Result "1-0"]
[WhiteTitle "IM"]
[WhiteElo "2479"]
[BlackElo "1967"]
[WhiteFideId "1413864"]
[BlackFideId "4651758"]
[EventDate "2016.03.08"]

1. d4 d5 2. c4 e6 3. Nf3 Nf6 4. g3 Be7 5. Bg2 O-O 6. O-O c6 7. Qc2 Nbd7 8. Nbd2
b6 9. e4 dxe4 10. Nxe4 Bb7 11. Rd1 h6 12. Bf4 Nxe4 13. Qxe4 Re8 14. a3 a5 15.
Rac1 Ra7 16. c5 Nf6 17. Qc2 Nd5 18. Bd2 b5 19. Re1 Bf6 20. Qe4 Ba8 21. Bf1 Be7
22. Rcd1 Bf8 23. h4 Nf6 24. Qc2 Rd7 25. Bf4 Nd5 26. Bc1 Nf6 27. Bg2 Ra7 28. Ne5
Nd5 29. Qe2 Rae7 30. Be4 Ra7 31. h5 Kh8 32. Bc2 Kg8 33. Qf3 Qc8 34. Qd3 Nf6 35.
Ng4 Be7 36. Bf4 Qd8 37. Nxf6+ 1-0

[Event "Reykjavik Open 2016"]
[Site "Reykjavik ISL"]
[Date "2016.03.08"]
[Round "1.28"]
[White "Yin, Stanley"]
[Black "Kristjansson, Stefan"]
[Result "0-1"]
[BlackTitle "GM"]
[WhiteElo "1961"]
[BlackElo "2478"]
[WhiteFideId "24622729"]
[BlackFideId "2301172"]
[EventDate "2016.03.08"]

1. c4 Nf6 2. Nc3 e6 3. e4 d5 4. e5 d4 5. exf6 dxc3 6. bxc3 Qxf6 7. Nf3 b6 8. d4
Bb7 9. Ne5 Bd6 10. Qa4+ c6 11. f4 O-O 12. Be2 Qh4+ 13. g3 Qe7 14. O-O c5 15. Be3
Qc7 16. Bf3 Rc8 17. Qd1 Nc6 18. Nxc6 Bxc6 19. d5 exd5 20. Bxd5 Be7 21. Qf3 Bf6
22. Bf2 a6 23. g4 g6 24. g5 Bg7 25. Bg3 Bxd5 26. cxd5 Qd7 27. Rad1 b5 28. Rd3 c4
29. Rd2 b4 30. cxb4 c3 31. Rc2 Qf5 32. Rfc1 Rc4 33. a3 Rd8 34. Qf1 Qxd5 35. Be1
Rdc8 36. Qh3 Qd4+ 0-1

[Event "Reykjavik Open 2016"]
[Site "Reykjavik ISL"]
[Date "2016.03.08"]
[Round "1.29"]
[White "Paehtz, Elisabeth"]
[Black "Kuehn, Matthias"]
[Result "1-0"]
[WhiteTitle "IM"]
[WhiteElo "2474"]
[BlackElo "1957"]
[WhiteFideId "4641833"]
[BlackFideId "24681288"]
[EventDate "2016.03.08"]

1. e4 g6 2. d4 Bg7 3. Nc3 d6 4. Be3 Nc6 5. Nge2 e5 6. dxe5 dxe5 7. Qxd8+ Nxd8 8.
Nb5 Ne6 9. a4 a6 10. Na3 b5 11. Nb1 Nf6 12. f3 Rb8 13. axb5 axb5 14. Nd2 c5 15.
Nb3 Nd4 16. Nexd4 cxd4 17. Bd2 O-O 18. Ra5 Be6 19. Nc5 Bc4 20. Nd3 Rfc8 21. b3
Be6 22. Ra2 Nd7 23. Be2 f5 24. O-O Bf8 25. Rfa1 Bd6 26. Bg5 Rb6 27. Ra8 Bb8 28.
Nb4 Nc5 29. Be7 fxe4 30. Bxc5 Rxc5 31. fxe4 Rc8 32. R1a6 Rxa6 33. Rxa6 Bd7 34.
Kf1 Rc7 35. Nd5 Rb7 36. Nf6+ Kf7 37. Nxh7 Kg7 38. Ng5 Rc7 39. Bd3 Ba7 40. Nf3
Bc8 41. Ra5 Rb7 42. Nxe5 Kf6 43. Nf3 b4 44. Ba6 Rc7 45. Bxc8 Bb8 46. e5+ Kf7 47.
Ba6 Rxc2 48. Bc4+ Ke7 49. Nxd4 Rd2 50. Rb5 1-0

[Event "Reykjavik Open 2016"]
[Site "Reykjavik ISL"]
[Date "2016.03.08"]
[Round "1.30"]
[White "Edvardsen, Ragnar"]
[Black "Lampert, Jonas"]
[Result "0-1"]
[BlackTitle "IM"]
[WhiteElo "1954"]
[BlackElo "2472"]
[WhiteFideId "1502719"]
[BlackFideId "1303759"]
[EventDate "2016.03.08"]

1. e4 e5 2. Nf3 Nc6 3. Bb5 g6 4. O-O Bg7 5. c3 Nge7 6. d4 exd4 7. cxd4 d5 8.
exd5 Nxd5 9. Re1+ Be6 10. Nc3 O-O 11. Bg5 Qd6 12. Ne4 Qb4 13. Bxc6 bxc6 14. Qd3
Bf5 15. Qd2 f6 16. Bf4 g5 17. Ng3 Bd7 18. Be3 g4 19. Nh4 f5 20. Qc2 f4 21. Bd2
Qxd4 22. Ngf5 Qxb2 23. Qxb2 Bxb2 24. Rab1 Rab8 25. Ne7+ Nxe7 26. Rxe7 Bf6 0-1

[Event "Reykjavik Open 2016"]
[Site "Reykjavik ISL"]
[Date "2016.03.08"]
[Round "1.31"]
[White "Petrov, Nikita"]
[Black "Andersen, Niels Erik"]
[Result "1-0"]
[WhiteTitle "IM"]
[WhiteElo "2464"]
[BlackElo "1947"]
[WhiteFideId "4101286"]
[BlackFideId "1406507"]
[EventDate "2016.03.08"]

1. Nf3 Nf6 2. g3 g6 3. Bg2 Bg7 4. d4 d5 5. O-O O-O 6. c3 b6 7. c4 Bb7 8. Ne5 c6
9. Nc3 dxc4 10. Nxc4 Na6 11. Bf4 Nc7 12. Be5 Ncd5 13. Rc1 Rc8 14. Qa4 a6 15. Qb3
b5 16. Nd2 Bh6 17. Rcd1 Qa5 18. Nde4 Nd7 19. Bh3 N5b6 20. Nc5 Nxc5 21. dxc5 Nc4
22. Bxc8 Bxc8 23. Bf4 Bxf4 24. gxf4 Qc7 25. e3 Bf5 26. Ne2 e5 27. Qc3 exf4 28.
Nxf4 Qe7 29. b3 Ne5 30. f3 Qg5+ 31. Ng2 Bh3 32. Rd2 Qe7 33. e4 Re8 34. f4 Bxg2
35. Rxg2 Nd7 36. e5 Nxc5 37. Qe3 Rd8 38. f5 Rd5 39. e6 h5 1-0

[Event "Reykjavik Open 2016"]
[Site "Reykjavik ISL"]
[Date "2016.03.08"]
[Round "1.33"]
[White "Kjartansson, Gudmundur"]
[Black "Valtysson, Thor"]
[Result "1-0"]
[WhiteTitle "IM"]
[WhiteElo "2446"]
[BlackElo "1946"]
[WhiteFideId "2301318"]
[BlackFideId "2301903"]
[EventDate "2016.03.08"]

1. c4 c6 2. Nc3 d5 3. d4 Nf6 4. e3 e6 5. Nf3 Nbd7 6. Qc2 Be7 7. Bd3 O-O 8. O-O
b6 9. e4 dxe4 10. Nxe4 Bb7 11. Nxf6+ Nxf6 12. c5 bxc5 13. dxc5 Bxc5 14. Bxh7+
Nxh7 15. Qxc5 Qb6 16. Qc3 Rfd8 17. Be3 Qc7 18. Bd4 f6 19. Qe3 Bc8 20. Rad1 Nf8
21. Bc5 Rd5 22. Rc1 e5 23. Bxf8 Kxf8 24. h4 Bg4 25. Nd2 Rad8 26. Ne4 Kf7 27. Qb3
Be6 28. Qc2 Bd7 29. Nc3 Ra5 30. b4 Ra6 31. a4 Qb8 32. h5 Qxb4 33. Rfd1 Qg4 34.
Ne4 Rb6 35. f3 Qe6 36. Rd6 Qe7 37. Rcd1 Rbb8 38. Qd2 Ke8 39. h6 1-0

[Event "Reykjavik Open 2016"]
[Site "Reykjavik ISL"]
[Date "2016.03.08"]
[Round "1.34"]
[White "Baldvinsson, Loftur"]
[Black "Tan, Justin2"]
[Result "0-1"]
[BlackTitle "IM"]
[WhiteElo "1939"]
[BlackElo "2441"]
[WhiteFideId "2301261"]
[BlackFideId "3206882"]
[EventDate "2016.03.08"]

1. e4 e6 2. d4 d5 3. Nc3 Nf6 4. e5 Nfd7 5. f4 c5 6. Nf3 Nc6 7. Be3 Be7 8. Be2
O-O 9. Qd2 b6 10. O-O-O c4 11. h4 b5 12. Nxb5 Rb8 13. Nd6 Bxd6 14. exd6 Nf6 15.
c3 Qa5 16. Kb1 Ne4 17. Qc2 Nxc3+ 18. Kc1 Nxa2+ 19. Kb1 0-1

[Event "Reykjavik Open 2016"]
[Site "Reykjavik ISL"]
[Date "2016.03.08"]
[Round "1.35"]
[White "Sarkar, Justin"]
[Black "Murray, Michael A."]
[Result "1-0"]
[WhiteTitle "IM"]
[WhiteElo "2426"]
[BlackElo "1938"]
[WhiteFideId "2010011"]
[BlackFideId "2609126"]
[EventDate "2016.03.08"]

1. d4 Nc6 2. d5 Ne5 3. f4 Ng6 4. e4 e5 5. dxe6 fxe6 6. h4 Bb4+ 7. c3 Be7 8. h5
Bh4+ 9. Ke2 Nf8 10. Qd4 Bf6 11. e5 Be7 12. Kf3 b6 13. Bd3 Bc5 14. Qa4 Bb7+ 15.
Be4 Bxe4+ 16. Qxe4 Nh6 17. Ne2 c6 18. g4 Qc7 19. Be3 Bxe3 20. Qxe3 Nf7 21. Nd2
O-O-O 22. Ne4 d5 23. exd6 Nxd6 24. Nxd6+ Rxd6 25. Rad1 Nd7 26. Rxd6 Qxd6 27. Qd4
Qe7 28. Qe4 Rf8 29. Nd4 e5 30. Qxc6+ Kb8 31. Nf5 Rxf5 32. gxf5 exf4 33. Qe6 Ne5+
34. Kxf4 Nd3+ 35. Ke3 Qg5+ 36. Kxd3 1-0

[Event "Reykjavik Open 2016"]
[Site "Reykjavik ISL"]
[Date "2016.03.08"]
[Round "1.36"]
[White "Bjorgvinsson, Andri Freyr"]
[Black "Thorfinnsson, Bragi"]
[Result "0-1"]
[BlackTitle "IM"]
[WhiteElo "1937"]
[BlackElo "2419"]
[WhiteFideId "2306913"]
[BlackFideId "2300958"]
[EventDate "2016.03.08"]

1. c4 e5 2. g3 Nc6 3. Nc3 f5 4. Bg2 Nf6 5. d3 Bb4 6. Bd2 O-O 7. Nf3 d6 8. a3
Bxc3 9. Bxc3 Qe8 10. b4 f4 11. Qc2 a5 12. b5 Nd8 13. O-O-O c6 14. gxf4 exf4 15.
Nd4 a4 16. h4 Bd7 17. Bh3 Bxh3 18. Rxh3 Qd7 19. Rh2 d5 20. Rg2 c5 21. Nf3 d4 22.
Bd2 Ne6 23. e4 fxe3 24. fxe3 Ne4 25. Ne5 Qd6 26. Ng4 Nxd2 27. Qxd2 dxe3 28. Nxe3
Nf4 29. Rg5 Qd4 30. Nc2 Qf6 31. Rdg1 Rf7 32. R1g3 Re8 33. Re3 Rxe3 34. Qxe3 Re7
35. Rf5 Ne2+ 36. Kb1 Rxe3 37. Rxf6 Rxd3 38. Rf2 Rb3+ 39. Ka1 Nc3 40. Rf1 g6 41.
Ne3 Rxa3+ 42. Kb2 Rb3+ 43. Kc2 Nxb5 44. Nd5 Na3+ 0-1

[Event "Reykjavik Open 2016"]
[Site "Reykjavik ISL"]
[Date "2016.03.08"]
[Round "1.37"]
[White "Lehner, Oliver"]
[Black "Eiriksson, Sigurdur"]
[Result "1/2-1/2"]
[WhiteTitle "IM"]
[WhiteElo "2418"]
[BlackElo "1933"]
[WhiteFideId "1602560"]
[BlackFideId "2302314"]
[EventDate "2016.03.08"]

1. c4 Nf6 2. Nc3 g6 3. e4 d6 4. d4 Bg7 5. Nf3 O-O 6. Be2 e5 7. O-O Nc6 8. d5 Ne7
9. b4 c6 10. Nd2 a5 11. bxa5 Qxa5 12. Bb2 Ne8 13. Nb3 Qd8 14. Qd2 f5 15. dxc6
Nxc6 16. Rfd1 Qh4 17. g3 Qh3 18. Bf1 Qh6 19. exf5 Bxf5 20. Bg2 Bg4 21. Qxh6 Bxh6
22. Rd5 Nb4 23. Rb5 Nd3 24. Bc1 Bxc1 25. Nxc1 Nxf2 26. h4 Be6 27. Nd5 Ng4 28.
Rxb7 Ra4 29. Nb6 Ra3 30. Nb3 Nef6 31. Re7 Bf7 32. Rb7 Nh5 33. Bf3 Be6 34. Bxg4
Bxg4 35. Nd5 Nxg3 36. Rb6 Ne2+ 37. Kg2 Bf3+ 38. Kh3 h5 39. Rxd6 Bxd5 40. cxd5
Rf3+ 41. Kh2 Rfxb3 42. axb3 Rxa1 43. Rxg6+ Kf7 44. Rg5 Kf6 45. Rxh5 Nf4 46. Rh8
Nxd5 47. h5 Rb1 48. h6 Nf4 49. h7 Rb2+ 50. Kh1 Kg7 51. Re8 Kxh7 52. Rxe5 Rxb3
53. Kg1 Kg6 54. Ra5 Rb2 55. Kf1 Ne6 56. Ke1 Nd4 57. Rd5 Nf5 58. Rd2 Rb4 59. Ke2
Kg5 60. Kd3 Kf4 61. Re2 Ra4 62. Re8 Ra3+ 63. Kd2 Nd6 64. Rd8 Ke5 65. Rh8 Kd4 66.
Rh4+ Ne4+ 67. Kc2 Rc3+ 68. Kb2 Re3 69. Rh2 Kc4 70. Rc2+ Kb4 71. Rc8 Nc5 72. Kc2
Re2+ 73. Kd1 Rh2 74. Ke1 Kc4 75. Kf1 Kd4 76. Rg8 Ne4 77. Rg2 1/2-1/2

[Event "Reykjavik Open 2016"]
[Site "Reykjavik ISL"]
[Date "2016.03.08"]
[Round "1.38"]
[White "Cohen, Lawrence S"]
[Black "Koop, Thorben"]
[Result "1-0"]
[BlackTitle "IM"]
[WhiteElo "1930"]
[BlackElo "2416"]
[WhiteFideId "2026228"]
[BlackFideId "24661619"]
[EventDate "2016.03.08"]

1. c4 c5 2. g3 Nc6 3. Bg2 g6 4. Nc3 Bg7 5. e3 h5 6. h3 Nh6 7. Nge2 Nf5 8. d3 d6
9. a3 Rb8 10. Rb1 Bd7 11. b4 b6 12. b5 Na5 13. Qc2 Bc8 14. Bd2 Bb7 15. Ne4 e6
16. Bxa5 bxa5 17. O-O O-O 18. a4 Qe7 19. N4c3 Rbc8 20. e4 Nd4 21. Qd2 f5 22. f4
Qc7 23. Kh1 Kf7 24. Nc1 h4 25. g4 fxg4 26. hxg4 h3 27. Bf3 Nxf3 28. Rxf3 d5 29.
N1e2 Rfd8 30. Qc2 dxc4 31. dxc4 Rd6 32. Rd1 Rcd8 33. Rxd6 Qxd6 34. f5 gxf5 35.
gxf5 Qd2 36. fxe6+ Kg8 37. Qxd2 Rxd2 38. e7 1-0

[Event "Reykjavik Open 2016"]
[Site "Reykjavik ISL"]
[Date "2016.03.08"]
[Round "1.40"]
[White "Kleinert, Juergen"]
[Black "Korley, Kassa"]
[Result "1/2-1/2"]
[BlackTitle "IM"]
[WhiteElo "1906"]
[BlackElo "2412"]
[WhiteFideId "4659180"]
[BlackFideId "2033801"]
[EventDate "2016.03.08"]

1. e4 d6 2. d4 Nf6 3. Nc3 e5 4. d5 Be7 5. Be2 O-O 6. Be3 c6 7. g4 cxd5 8. exd5
Qa5 9. Kf1 Na6 10. g5 Ne8 11. a3 f5 12. f4 Bd7 13. Nf3 Rc8 14. Qd2 Qc7 15. Bxa7
exf4 16. Qxf4 Nc5 17. Bxc5 Qxc5 18. Kg2 Bd8 19. Rad1 Qb6 20. Qb4 Qa7 21. Qf4 Ba5
22. Rd3 Bxc3 23. Rxc3 Rxc3 24. bxc3 Qxa3 25. Qb4 Qa7 26. Bd3 Rf7 27. Re1 g6 28.
Nd4 f4 29. Kf3 Qb8 30. Nc6 Qc7 31. Nd4 Ng7 32. c4 Bh3 33. Ne6 Qd7 34. Qb5 Nxe6
35. dxe6 Bxe6 36. Qxd7 Bxd7 37. Be4 Bc6 38. Bxc6 bxc6 39. Rd1 Rf5 40. h4 Rc5 41.
Rd4 Kg7 42. Kxf4 h6 43. Kg4 hxg5 44. hxg5 Kf7 45. Rxd6 Rxc4+ 46. Kf3 Rxc2 47.
Ke3 Rc4 48. Rf6+ Kg7 49. Rd6 Rc3+ 50. Kf4 Rc4+ 51. Kf3 Rc5 52. Rd7+ Kf8 53. Kg4
Rc4+ 54. Kf3 c5 55. Rc7 Rc1 56. Ke4 Re1+ 57. Kd5 Rg1 58. Ke6 Rxg5 59. Kf6 Rf5+
60. Kxg6 Rf1 1/2-1/2

[Event "Reykjavik Open 2016"]
[Site "Reykjavik ISL"]
[Date "2016.03.08"]
[Round "1.41"]
[White "Thorfinnsson, Bjorn"]
[Black "Knoepfle, Andreas"]
[Result "1-0"]
[WhiteTitle "IM"]
[WhiteElo "2410"]
[BlackElo "1905"]
[WhiteFideId "2300982"]
[BlackFideId "1270685"]
[EventDate "2016.03.08"]

1. d4 d5 2. Bg5 Nf6 3. e3 e6 4. Bd3 Nbd7 5. Nd2 Be7 6. f4 b6 7. c3 Bb7 8. Qc2 c5
9. Ngf3 O-O 10. h3 c4 11. Be2 b5 12. a4 a6 13. b3 Nb6 14. axb5 axb5 15. O-O Qd6
16. Rab1 Ra6 17. Rb2 Rfa8 18. bxc4 bxc4 19. Rfb1 Bc8 20. e4 Qd8 21. Ne5 Bd7 22.
Bf3 Ba4 23. Qc1 Ba3 24. Qe1 Bxb2 25. Rxb2 Qc7 26. Bxf6 gxf6 27. Qg3+ Kh8 28. Ng4
Rg8 29. Qh2 Qe7 30. e5 f5 31. Nf6 Rg7 32. Rb4 Bc2 33. g4 Nd7 34. Rb7 Ba4 35. g5
Bc6 36. Rb4 Rb6 37. Rxb6 Nxb6 38. Nb1 Qa7 39. Qb2 Nd7 40. Qa3 Qxa3 41. Nxa3 Nxf6
42. exf6 Rg8 43. Nxc4 dxc4 44. Bxc6 Rb8 45. d5 exd5 46. Bxd5 Kg8 47. Bxc4 Rc8
48. Be2 Rxc3 49. Kg2 Kf8 50. h4 Ra3 51. h5 Rc3 52. Kf2 Kg8 53. Bb5 Rc5 54. Bd3
Rd5 55. Ke3 Ra5 56. Bc4 Kf8 57. Kd3 Ke8 58. Kc3 Ra3+ 59. Kd4 Ra5 60. Bb3 Ra3 61.
Bc2 Ra5 62. Kc4 Kd7 63. Kb4 Rd5 64. Bb3 Rd4+ 65. Kc5 Rxf4 66. Bxf7 Rg4 67. g6
hxg6 68. hxg6 f4 69. Kd5 f3 70. Be6+ 1-0

[Event "Reykjavik Open 2016"]
[Site "Reykjavik ISL"]
[Date "2016.03.08"]
[Round "1.42"]
[White "Jonsson, Olafur Gisli"]
[Black "Antal, Tibor Kende"]
[Result "0-1"]
[BlackTitle "FM"]
[WhiteElo "1904"]
[BlackElo "2406"]
[WhiteFideId "2302705"]
[BlackFideId "738581"]
[EventDate "2016.03.08"]

1. d4 Nf6 2. Nf3 e6 3. c4 d5 4. Nc3 c6 5. Bg5 Nbd7 6. e3 Qa5 7. Nd2 Bb4 8. Qc2
O-O 9. Be2 dxc4 10. Bxf6 Nxf6 11. Nxc4 Qc7 12. O-O b6 13. Ne5 Bb7 14. Bf3 Rfc8
15. Ne4 Bd6 16. Nxd6 Qxd6 17. Rfd1 Rc7 18. Qa4 Nd7 19. Nxd7 Qxd7 20. Rac1 Kf8
21. Rc3 b5 22. Qa3+ Qe7 23. Qxe7+ Kxe7 24. Rdc1 Kd6 25. Kf1 a5 26. Rc5 a4 27. a3
Re8 28. Be2 Rcc8 29. f4 f6 30. Bg4 Rc7 31. Be2 Ree7 32. Ke1 h6 33. h4 Ba6 34.
Bf3 Bb7 35. h5 e5 36. fxe5+ fxe5 37. dxe5+ Rxe5 38. Rxe5 Kxe5 39. Kd2 Kd6 40.
Kc3 c5 41. Bxb7 Rxb7 42. Rf1 Re7 43. Kd3 c4+ 44. Kd4 Re5 45. g4 Rd5+ 46. Ke4 Rg5
47. Rd1+ Ke6 48. Rg1 g6 49. hxg6 h5 50. Rh1 hxg4 51. Kf4 Rxg6 52. Kg3 Kf5 53.
Rh5+ Rg5 54. Rh8 Ke4 55. Re8+ Re5 56. Rd8 Kxe3 57. Kxg4 b4 58. axb4 Rb5 59. Kg3
Rxb4 60. Rh8 Kd2 61. Kf3 Kc2 0-1

[Event "Reykjavik Open 2016"]
[Site "Reykjavik ISL"]
[Date "2016.03.08"]
[Round "1.45"]
[White "Hauge, Lars Oskar"]
[Black "Kolka, Dawid"]
[Result "1-0"]
[WhiteTitle "FM"]
[WhiteElo "2393"]
[BlackElo "1891"]
[WhiteFideId "1509276"]
[BlackFideId "2308010"]
[EventDate "2016.03.08"]

1. e4 c6 2. d4 d5 3. e5 Bf5 4. Nc3 e6 5. g4 Bg6 6. Nge2 Nd7 7. h4 h6 8. Be3 Bb4
9. Ng3 Ne7 10. f4 Qa5 11. Qd2 O-O-O 12. a3 f6 13. Bd3 Bxd3 14. Qxd3 fxe5 15.
fxe5 Rhf8 16. Nh5 Rf7 17. Ke2 Bxc3 18. Qxc3 Qb5+ 19. Qd3 Qxd3+ 20. Kxd3 Rdf8 21.
Ke2 Kd8 22. Raf1 Ng6 23. Rfg1 Ke8 24. g5 hxg5 25. Rxg5 Rh8 26. Rxg6 Rxh5 27.
Rxe6+ Re7 28. Rd6 Nf8 29. Bg5 Rd7 30. Rxd7 Nxd7 31. Kf3 Kf7 32. Kg4 g6 33. e6+
Kxe6 34. Re1+ 1-0

[Event "Reykjavik Open 2016"]
[Site "Reykjavik ISL"]
[Date "2016.03.08"]
[Round "1.46"]
[White "Acevedo Mendez, Lisseth"]
[Black "Houska, Jovanka"]
[Result "0-1"]
[BlackTitle "IM"]
[WhiteElo "1886"]
[BlackElo "2387"]
[WhiteFideId "6502938"]
[BlackFideId "405094"]
[EventDate "2016.03.08"]

1. e4 c6 2. d4 d5 3. exd5 cxd5 4. Nf3 Nc6 5. Bd3 Bg4 6. c3 Qc7 7. O-O e6 8. h3
Bh5 9. Nbd2 Bd6 10. Re1 Nge7 11. Qe2 h6 12. Nf1 g5 13. g3 O-O-O 14. Kg2 Kb8 15.
g4 Bg6 16. Ne5 Bxe5 17. dxe5 Bxd3 18. Qxd3 Nxe5 19. Qg3 N7g6 20. Nh2 f6 21. Kg1
h5 22. Nf3 hxg4 23. hxg4 Nxf3+ 24. Qxf3 Ne5 25. Qg3 Rh4 26. Rxe5 Qxe5 27. Bxg5
Qxg3+ 28. fxg3 Rxg4 0-1

[Event "Reykjavik Open 2016"]
[Site "Reykjavik ISL"]
[Date "2016.03.08"]
[Round "1.47"]
[White "Mihajlov, Sebastian"]
[Black "Moller, Agnar T"]
[Result "1-0"]
[WhiteTitle "FM"]
[WhiteElo "2387"]
[BlackElo "1882"]
[WhiteFideId "1512110"]
[BlackFideId "2303469"]
[EventDate "2016.03.08"]

1. d4 d5 2. c4 c6 3. Nf3 e6 4. Nc3 dxc4 5. e3 b5 6. a4 Bb4 7. Bd2 a5 8. axb5
Bxc3 9. Bxc3 cxb5 10. b3 Bb7 11. d5 Nf6 12. bxc4 b4 13. Bxf6 Qxf6 14. Qa4+ Ke7
15. Nd4 exd5 16. Qb5 Ba6 17. Qc5+ Ke8 18. Qxd5 Ra7 19. Rxa5 Rd7 20. Qe4+ Kf8 21.
Rf5 Bb7 22. Qf4 1-0

[Event "Reykjavik Open 2016"]
[Site "Reykjavik ISL"]
[Date "2016.03.08"]
[Round "1.48"]
[White "Pashkov, Vladimir M."]
[Black "Braun, Christian2"]
[Result "0-1"]
[BlackTitle "IM"]
[WhiteElo "1881"]
[BlackElo "2386"]
[WhiteFideId "24194778"]
[BlackFideId "4692098"]
[EventDate "2016.03.08"]

1. d4 g6 2. c4 Bg7 3. Nc3 d6 4. e4 e5 5. Nf3 Bg4 6. d5 a5 7. Be2 Na6 8. Be3 Nc5
9. h3 Bc8 10. Qc2 Nf6 11. Bxc5 dxc5 12. Nxe5 Nxd5 13. Nxf7 Nb4 14. Qa4+ Kxf7 15.
Rd1 Qe8 16. Nb5 Rf8 17. O-O Kg8 18. a3 Na6 19. Qc2 Qe5 20. Nc3 Be6 21. Nd5 c6
22. Ne3 Rad8 23. f4 Qxb2 24. Qxb2 Bxb2 25. Nc2 Rxd1 26. Bxd1 Bxc4 27. Rf2 Bd4
28. Nxd4 cxd4 29. g4 Nc5 30. e5 Nd3 31. Rc2 b5 32. Be2 Nxf4 33. Bxc4+ bxc4 34.
Rxc4 d3 35. Rxc6 Rd8 0-1

[Event "Reykjavik Open 2016"]
[Site "Reykjavik ISL"]
[Date "2016.03.08"]
[Round "1.49"]
[White "Tania, Sachdev"]
[Black "Hielscher, Ursula"]
[Result "1-0"]
[WhiteTitle "IM"]
[WhiteElo "2370"]
[BlackElo "1875"]
[WhiteFideId "5007844"]
[BlackFideId "4658965"]
[EventDate "2016.03.08"]

1. d4 d5 2. c4 e6 3. Nf3 Nf6 4. Nc3 c6 5. Qb3 Nbd7 6. Bg5 Qa5 7. e3 Ne4 8. Bf4
Bb4 9. Rc1 Ndf6 10. a3 Bxc3+ 11. bxc3 dxc4 12. Bxc4 Nd5 13. Bxd5 cxd5 14. Qb4
Qa6 15. c4 Qc6 16. Ne5 Qa6 17. cxd5 exd5 18. Rc7 Qe6 19. Qa4+ Kf8 20. Nxf7 Qxf7
21. Rxf7+ Kxf7 22. Qa5 Nf6 23. Qc7+ Kg6 24. h4 h6 25. h5+ Kh7 26. Qc2+ Kg8 27.
Be5 Nd7 28. Bxg7 Kxg7 29. Qg6+ Kf8 30. Rh4 1-0

[Event "Reykjavik Open 2016"]
[Site "Reykjavik ISL"]
[Date "2016.03.08"]
[Round "1.51"]
[White "Vuilleumier, Alexandre"]
[Black "Schadd, Jan"]
[Result "1-0"]
[WhiteTitle "IM"]
[WhiteElo "2366"]
[BlackElo "1864"]
[WhiteFideId "1305662"]
[BlackFideId "1047230"]
[EventDate "2016.03.08"]

1. Nf3 Nc6 2. e4 e5 3. Bb5 a6 4. Ba4 Nf6 5. O-O Nxe4 6. d4 b5 7. Bb3 d5 8. dxe5
Be6 9. c3 Be7 10. Nbd2 Nc5 11. Bc2 d4 12. cxd4 Nxd4 13. Nxd4 Qxd4 14. Nf3 Qg4
15. h3 Qc4 16. b3 Qd5 17. b4 Nd7 18. Qe1 Rd8 19. Bb3 Qd3 20. Ng5 Bxb3 21. axb3
O-O 22. e6 Qd4 23. Be3 Qh4 24. Nf3 1-0

[Event "Reykjavik Open 2016"]
[Site "Reykjavik ISL"]
[Date "2016.03.08"]
[Round "1.53"]
[White "Brunello, Marina"]
[Black "Lochte, Szilvia"]
[Result "1-0"]
[WhiteTitle "FM"]
[WhiteElo "2363"]
[BlackElo "1859"]
[WhiteFideId "822590"]
[BlackFideId "708410"]
[EventDate "2016.03.08"]

1. e4 c5 2. Nf3 e6 3. c3 d5 4. exd5 Qxd5 5. d4 Nf6 6. Be2 Nc6 7. O-O cxd4 8.
cxd4 Be7 9. Nc3 Qd8 10. Bf4 O-O 11. Rc1 Nd5 12. Bg3 Nxc3 13. bxc3 Bf6 14. Bd3
Bd7 15. Qe2 Re8 16. Qe4 g6 17. Rfd1 Qa5 18. Qf4 Qd8 19. Rb1 a6 20. h4 Bg7 21. h5
Qf6 22. Qe3 Ne7 23. Ne5 Ba4 24. Ng4 1-0